000 00695nam a2200241Ia 4500
003 OSt
005 20221007070838.0
006 a|||||r|||| 00| 0
007 ta
008 221006b |||||||| |||| 00| 0 eng d
024 _a1,048
037 _cReference Collections
040 _aFLL
_cFLL
_beng
041 _2eng
_aeng
082 _aX:322:Z2, K6;2
100 _aKochatta R. C.
_9687811
245 0 _aFundamentals of rent control legislaiton in India
260 _aIndore
_bThe Lawyers Home India
_c1969
300 _a311p,311p
_ccm.
650 _aFundamental Rights
942 _hX:322:Z2, K6;2
_cREF
_2CC
999 _c1141703
_d1141703